00816cam a2200241 4500001000400000003000800004005001700012008004100029035001700070035002000087040003800107041000800145082002400153100002700177245011000204250001200314260006700326300002500393504002000418650003700438650003400475651006500509790BD-RjUL20211208233230.0131123s1970 pk b 001 0 eng d a(BD-RjUL)810 a(OCoLC)00140839 aDLCcDLCdm.c.dRCDdBD-RjULbeng aeng a320.95491bAZH 19701 aAziz, Khursheed Kamal.14aThe historical background of Pakistan, 1857-1947;ban annotated digest of source materialcby K. K. Aziz. a1st ed. aKarachi :bPakistan Institute of International Affairs;c1970. axi, 626 p. ;c25 cm. aIncludes index. 0aPakistan movementvBibliography. 0aMuslimszIndiavBibliography. 0aIndiaxHistoryyBritish occupation, 1765-1947vBibliography.